| 000 | 02124cam a22004094i 4500 | ||
|---|---|---|---|
| 003 | PE-LiUPU | ||
| 005 | 20250731175629.0 | ||
| 008 | 150623s1987 tnua r 000 0 eng d | ||
| 020 | _a0687156831 | ||
| 035 | _a(Sirsi) i9780687156832 | ||
| 040 |
_aPE-LiUPU _bspa _cPE-LiUPU _erda |
||
| 049 | _aPRUA | ||
| 082 | 0 | 4 |
_a492.415 _bS39 _221 |
| 100 | 1 |
_aSeow, Choon Leong, _eautor. |
|
| 245 | 1 | 0 |
_aA Grammar for biblical Hebrew / _cChoon Leong Seow. |
| 264 | 1 |
_aNashville, Tennessee : _bAbingdon Press, _c1987. |
|
| 300 |
_a308 páginas : _bilustraciones ; _c24 centímetros |
||
| 336 |
_atext _2rdacontent |
||
| 337 |
_aunmediated _2rdamedia |
||
| 338 |
_avolume _2rdacarrier |
||
| 500 | _a"Glosario" (A - V): p. x. | ||
| 505 | 0 | _aAlphabet -- Simple Vowels -- Gender and number -- Triliterality of Hebrew words -- Definite article -- Inflection of the adjective -- Verbal patterns - -Independent personal pronoun -- Demostratives--Genitival relationships -- Nouns whit pronominal suffixes -- Afformatives of the perfect -- G perfect of I-Guttural verbs -- D perfect -- H Perfect -- Perfect with object suffixes -- Preformatives and afformatives of the imperfect -- G imperfect of I-Guttural verbs -- Yqtl preterite -- Forms of the Jussive -- Imperfect and imperative with object suffixes -- G infinitive construct -- D imperfect -- H imperfect -- N binyan -- HtD binyan -- Geminate verbs in the G binyan -- Dp binyan -- Qolel, qolal, hitqolel -- Hendiadys. | |
| 526 | _aP145 | ||
| 526 | _aP127 | ||
| 526 | _aP97 | ||
| 526 | _aP35 | ||
| 526 | _aP14 | ||
| 526 | _aP07 | ||
| 630 |
_aBiblia _xEstudio y enseñanza. |
||
| 650 | 0 | 4 |
_aHebreo bíblico _xGramática. |
| 942 |
_2ddc _cBOOK |
||
| 949 |
_a492.415 S39 _wDEWEY _c1 _i52162 _lCCODEBUL1 _mBUL _p20.00 _r0 _sY _tBOOK _u2015-6-24 _xTEOLOGIA _PP35 _0COMPRA _o.STAFF. Colección General |
||
| 994 |
_aC0 _bPEPRU |
||
| 596 | _a1 | ||
| 999 |
_a492.415 S39 _wDEWEY _c33968 _i52162 _d33968 _f2021-11-11 _g5 _lCCODEBUL1 _mBUL _p20.00 _q1 _r0 _sY _tBOOK _u2015-6-24 _xTEOLOGIA _PP35 _0COMPRA _o.STAFF. Colección Teología |
||
| 980 |
_81 _gALBERTO SANCHEZ Responsable de Automatización |
||